Legal language, legal writing & general English /

Detaylı Bibliyografya
Yazar: Mishra, S. K.
Materyal Türü: Kitap
Dil:English
Baskı/Yayın Bilgisi: Faridabad, India : Allahabad Law Agency, 2008 [reprinted].
Konular:
Classic Catalogue: View this record in Classic Catalogue
LEADER 01488nam a2200265 a 4500
001 0020114
003 BD-DhAAL
008 100420r2008 ii a 000 0 eng d
040 |a BD-DhAAL  |c BD-DhAAL 
082 0 0 |a 347.71107  |2 22 
100 1 |a Mishra, S. K.  |9 59006 
245 1 0 |a Legal language, legal writing & general English /  |c S. K. Mishra. 
260 |a Faridabad, India :  |b Allahabad Law Agency,  |c 2008 [reprinted]. 
300 |a 1 v. (various paging) :  |b ill. ;  |c 22 cm 
526 |a SOL  |x K. Shamsuddin Mahmood Professor and Dean School of Law BRAC University 
541 1 |e 0020114  |a Anupam Gyan Bhandar 
650 0 |a Legal composition. 
650 0 |a Law  |z India  |x Language.  |9 59007 
650 0 |a Law  |z Indiana  |v Textbooks.  |9 59008 
650 0 |a English language  |x Study and teaching  |z India.  |9 36615 
852 4 |a Ayesha Abed Library  |c General Stacks 
942 |2 ddc  |c BK 
999 |c 8177  |d 8177 
952 |0 0  |1 0  |2 ddc  |4 0  |6 347_711070000000000_MIS_2008  |7 0  |9 9332  |a BRACUL  |b BRACUL  |c GEN  |d 2010-04-20  |e Anupam Gyan Bhandar  |g 285.00  |l 16  |m 117  |o 347.71107 MIS  |p 3010020114  |r 2024-05-21  |s 2024-01-22  |t 1  |v 570.00  |w 2010-04-20  |y BK  |x Requisitioned by K. Shamsuddin Mahmood, Professor and Dean, School of Law, BRAC University 
952 |0 0  |1 0  |2 ddc  |4 0  |6 347_711070000000000_MIS_2008  |7 0  |9 9376  |a BRACUL  |b BRACUL  |c GEN  |d 2010-04-22  |e Anupam Gyan Bhandar  |g 285.00  |l 21  |m 92  |o 347.71107 MIS  |p 3010020115  |r 2025-10-14  |s 2025-10-07  |t 2  |v 570.00  |w 2010-04-22  |y BK  |x Requisitioned by K. Shamsuddin Mahmood, Professor and Dean, School of Law, BRAC University